000 00447nam a2200181Ia 4500
001 24918
005 20260414151115.0
008 260414t2010||||xx |||||||||||||| ||spa||
041 _aESP
082 _a346C4
_bG312 T. 7 2010
110 _aGaceta Jurídica
245 0 _aCódigo civil comentado :
_bcontratos en general
260 _c2010
300 _a782 páginas :
_c24 cm.
650 _aDER
654 _aCDE
942 _cLIB
_dJUS
_fJUS
_2ddc
_n
999 _c24918
_d24918